[Event "Zoltan Bodnar mem."]
[Site "Winnipeg CAN"]
[Date "2022.12.13"]
[Round "2.1"]
[White "Baron, Gustav"]
[Black "MacPherson, Al"]
[Result "1-0"]
[WhiteElo "2083"]
[BlackElo "1704"]
[PlyCount "87"]
[EventDate "2022.12.06"]
[EventType "swiss"]
[EventRounds "4"]
[EventCountry "CAN"]

1. d4 d5 2. c4 e6 3. Nc3 Nf6 4. cxd5 Nxd5 5. Nf3 c5 6. e4 Nxc3 7. bxc3 cxd4 8.
cxd4 Bb4+ 9. Bd2 Bxd2+ 10. Qxd2 O-O 11. Be2 b6 12. O-O Bb7 13. Qe3 Nc6 14. Rfd1
Rc8 15. Rd2 Ne7 16. Rad1 Qc7 17. Bd3 Ng6 18. g3 Qe7 19. h4 Rfd8 20. Bb1 h6 21.
h5 Nf8 22. Kg2 Nh7 23. d5 exd5 24. exd5 Qxe3 25. Bxh7+ Kxh7 26. fxe3 Rd6 27. g4
f6 28. Kg3 Re8 29. Kf4 Rc8 30. Nh4 Rc5 31. e4 Bc8 32. Rd4 Rc2 33. R1d2 Rc1 34.
Rf2 Rg1 35. Nf5 Bxf5 36. gxf5 Rh1 37. Rc2 Rxh5 38. Rc6 Rd7 39. d6 Rh2 40. e5
Rh4+ 41. Ke3 Rxd4 42. Kxd4 fxe5+ 43. Kxe5 Kg8 44. Ke6 1-0

[Event "Zoltan Bodnar mem."]
[Site "Winnipeg CAN"]
[Date "2022.12.13"]
[Round "2.2"]
[White "Minano, John"]
[Black "Aiello, Mick"]
[Result "0-1"]
[WhiteElo "1766"]
[BlackElo "1555"]
[PlyCount "66"]
[EventDate "2022.12.06"]
[EventType "swiss"]
[EventRounds "4"]
[EventCountry "CAN"]

1. e4 c5 2. Nf3 d6 3. d4 cxd4 4. Nxd4 Nf6 5. Nc3 a6 6. Bc4 e6 7. Bb3 b5 8. O-O
Be7 9. Be3 O-O 10. a3 Bb7 11. f3 Nc6 12. Qe1 Re8 13. Rd1 Qc8 14. g4 Nxd4 15.
Bxd4 d5 16. e5 Nd7 17. Ne2 Qc7 18. f4 Bc5 19. c3 f6 20. Bxc5 Nxc5 21. Bc2 fxe5
22. fxe5 Qxe5 23. Qf2 Ne4 24. Qf7+ Kh8 25. Qxb7 Nd6 26. Qb6 Qxe2 27. Rf2 Qxg4+
28. Rg2 Qf4 29. Rf1 Qe5 30. Qf2 Nc4 31. Qh4 h6 32. Rf7 Qe3+ 33. Rgf2 Qc1+ 0-1

[Event "Zoltan Bodnar mem."]
[Site "Winnipeg CAN"]
[Date "2022.12.13"]
[Round "2.3"]
[White "Charter, Bennet"]
[Black "Odeyemi, Emmanuel"]
[Result "1-0"]
[WhiteElo "1746"]
[BlackElo "1555"]
[Annotator "aboro"]
[PlyCount "91"]
[EventDate "2022.12.06"]
[EventType "swiss"]
[EventRounds "4"]
[EventCountry "CAN"]

1. e4 e5 2. Nf3 Nc6 3. Bb5 Nge7 4. O-O d6 5. c3 g6 6. d4 a6 7. Ba4 b5 8. Bb3
Na5 9. Ng5 Nxb3 10. Qxb3 d5 11. dxe5 h6 12. Nf3 Bg7 13. exd5 Nxd5 14. c4 bxc4
15. Qxc4 Be6 16. Qc6+ Kf8 17. Rd1 Qc8 18. Rxd5 Bxd5 19. Qxd5 Kg8 20. Nc3 Kh7
21. Qxf7 Rf8 22. Qc4 Qb7 23. Qg4 Rad8 24. Qh3 Rf5 25. Qh4 Rd3 26. Qc4 Rdxf3 27.
gxf3 Qxf3 28. Qe2 Qh3 29. f4 Rh5 30. Ne4 Rh4 31. Be3 Bxe5 32. fxe5 Rxe4 33. Re1
Rxe5 34. Qf2 Qg4+ 35. Qg3 Qe6 36. Bf2 Rxe1+ 37. Bxe1 Qd7 38. Bc3 Qd1+ 39. Kg2
Qe2+ 40. Qf2 Qg4+ 41. Kf1 Qd1+ 42. Be1 Qd3+ 43. Kg1 Qd5 44. Qd2 Qe6 45. Bg3 Qf6
46. Qd4 {and White won in 81.} 1-0

[Event "Zoltan Bodnar mem."]
[Site "Winnipeg CAN"]
[Date "2022.12.13"]
[Round "2.4"]
[White "Dhillon, Iqvinder"]
[Black "Stordeur, Jackson"]
[Result "1/2-1/2"]
[WhiteElo "1196"]
[BlackElo "1137"]
[PlyCount "118"]
[EventDate "2022.12.06"]
[EventType "swiss"]
[EventRounds "4"]
[EventCountry "CAN"]

1. f4 Nf6 2. Nf3 g6 3. e3 Bg7 4. Be2 d6 5. O-O O-O 6. d3 Nbd7 7. c3 e5 8. e4 c6
9. Kh1 Qc7 10. fxe5 Nxe5 11. Nxe5 dxe5 12. Bg5 Qd6 13. Na3 b5 14. Qd2 Rd8 15.
Qe3 Rd7 16. Rad1 Qe6 17. h3 Rb7 18. Nc2 a5 19. b3 Rab8 20. Rf2 Ne8 21. d4 Nd6
22. d5 cxd5 23. exd5 Qe8 24. Bg4 f5 25. Be2 f4 26. Bxf4 exf4 27. Qxe8+ Nxe8 28.
Rxf4 Bxc3 29. Rdf1 Nd6 30. Ne3 Bd7 31. Ng4 Bxg4 32. Bxg4 Kg7 33. Be6 b4 34. h4
Be5 35. R4f3 Rc7 36. Re1 Bf6 37. h5 Rc2 38. h6+ Kxh6 39. Rxf6 Rxa2 40. Bd7 Nb5
41. Bxb5 Rxb5 42. Rd1 a4 43. bxa4 Rb8 44. d6 b3 45. d7 b2 46. Rff1 Rd8 47. Rfe1
Rxa4 48. Rb1 Rb4 49. Re2 Rxd7 50. Rbxb2 Rxb2 51. Rxb2 Kh5 52. Kh2 Rd3 53. Rb5+
g5 54. Rc5 Kg4 55. g3 Rd4 56. Rc2 h5 57. Rb2 h4 58. gxh4 Kxh4 59. Ra2 Rd3
1/2-1/2

[Event "Zoltan Bodnar mem."]
[Site "Winnipeg CAN"]
[Date "2022.12.13"]
[Round "2.5"]
[White "Rutter, Blair"]
[Black "Letain, Cory"]
[Result "1-0"]
[WhiteElo "1886"]
[BlackElo "1778"]
[PlyCount "96"]
[EventDate "2022.12.06"]
[EventType "swiss"]
[EventRounds "4"]
[EventCountry "CAN"]

1. c4 f5 2. g3 Nf6 3. d3 e6 4. Bg2 Bb4+ 5. Nc3 O-O 6. Qb3 Nc6 7. e3 a5 8. Nge2
a4 9. Qc2 a3 10. O-O axb2 11. Bxb2 Ba3 12. Rfd1 Bxb2 13. Qxb2 b6 14. Nb5 Ba6
15. Nf4 Bxb5 16. cxb5 Ne7 17. Bxa8 Qxa8 18. h3 g5 19. Ng2 Qf3 20. Ne1 Qh5 21.
Kg2 Ng6 22. f3 g4 23. h4 Nxh4+ 24. gxh4 Qxh4 25. Qf2 Qh3+ 26. Kg1 g3 27. Qg2
Qh4 28. Rdc1 Nd5 29. Rc4 f4 30. Nc2 Rf6 31. e4 Ne7 32. Qh1 Qg5 33. Qh3 Kh8 34.
a4 Rh6 35. Qg4 Rh1+ 36. Kg2 Rh2+ 37. Kf1 Qh6 38. Ke1 g2 39. Kf2 g1=Q+ 40. Kxg1
Rh1+ 41. Kf2 Rh2+ 42. Ke1 Rh1+ 43. Kd2 Qh2+ 44. Kc3 Rxa1 45. Nxa1 Qh1 46. Kb2
Qe1 47. Nc2 Qe2 48. Qxf4 Kg7 1-0

[Event "Zoltan Bodnar mem."]
[Site "Winnipeg CAN"]
[Date "2022.12.13"]
[Round "2.6"]
[White "Roberts, Allan"]
[Black "Pearce, Thomas"]
[Result "1-0"]
[WhiteElo "1426"]
[BlackElo "1642"]
[PlyCount "83"]
[EventDate "2022.12.06"]
[EventType "swiss"]
[EventRounds "4"]
[EventCountry "CAN"]

1. c4 e5 2. Nc3 Nf6 3. g3 Bc5 4. Bg2 O-O 5. e3 Nc6 6. Nge2 a6 7. d4 exd4 8.
Nxd4 Nxd4 9. exd4 Re8+ 10. Be3 Bb4 11. O-O Bxc3 12. bxc3 d5 13. Qb3 c6 14. Bg5
Rb8 15. Bxf6 Qxf6 16. cxd5 cxd5 17. Qxd5 b5 18. Rfe1 Be6 19. Qe4 g6 20. d5 Bf5
21. Qxe8+ Rxe8 22. Rxe8+ Kg7 23. Rc1 Bd3 24. Bf1 Bc4 25. Bxc4 bxc4 26. Re4 Qf5
27. Rd4 Qd7 28. Rcd1 Qd6 29. Rxc4 a5 30. Ra4 h6 31. Rxa5 h5 32. c4 Qc7 33. Ra4
Qd7 34. Ra3 Qd6 35. Rc3 Qb4 36. Rcc1 Qc5 37. d6 Qc8 38. c5 Qd8 39. c6 Kh6 40.
c7 Qxc7 41. dxc7 Kg7 42. c8=Q 1-0

[Event "Zoltan Bodnar mem."]
[Site "Winnipeg CAN"]
[Date "2022.12.13"]
[Round "2.7"]
[White "Remillard, John"]
[Black "Zhang, Bryan"]
[Result "1-0"]
[WhiteElo "1566"]
[BlackElo "1293"]
[PlyCount "41"]
[EventDate "2022.12.06"]
[EventType "swiss"]
[EventRounds "4"]
[EventCountry "CAN"]

1. Nf3 d5 2. c4 dxc4 3. e3 b5 4. a4 c6 5. axb5 cxb5 6. Nc3 Bd7 7. Nd4 b4 8. Na4
e5 9. Nf3 Qc7 10. d4 e4 11. Ne5 Bxa4 12. Qxa4+ Nd7 13. Bxc4 Bd6 14. Nxd7 Qxd7
15. Bb5 Nf6 16. Bxd7+ Nxd7 17. Qc6 O-O 18. Qxd6 Nb6 19. Qxb4 Rac8 20. O-O Nd5
21. Qa5 1-0

[Event "Zoltan Bodnar mem."]
[Site "Winnipeg CAN"]
[Date "2022.12.13"]
[Round "2.8"]
[White "Trueman, Francis"]
[Black "Aiello, Pietro"]
[Result "0-1"]
[WhiteElo "1423"]
[BlackElo "1524"]
[PlyCount "34"]
[EventDate "2022.12.06"]
[EventType "swiss"]
[EventRounds "4"]
[EventCountry "CAN"]

1. Nf3 d5 2. d3 Nc6 3. g3 e5 4. Bg2 Nf6 5. O-O Be7 6. Nbd2 Bf5 7. e4 dxe4 8.
dxe4 Nxe4 9. Qe2 Nxd2 10. Bxd2 O-O 11. c3 Bd3 12. Qe3 Bxf1 13. Kxf1 Bf6 14. a4
Na5 15. Qe4 Nb3 16. Rd1 Nc5 17. Qe2 Nxa4 {and Black won.} 0-1

[Event "Zoltan Bodnar mem."]
[Site "Winnipeg CAN"]
[Date "2022.12.20"]
[Round "3.1"]
[White "Charter, Bennet"]
[Black "Baron, Gustav"]
[Result "1-0"]
[WhiteElo "1746"]
[BlackElo "2083"]
[PlyCount "122"]
[EventDate "2022.12.06"]
[EventType "swiss"]
[EventRounds "4"]
[EventCountry "CAN"]

1. e4 c6 2. d4 d5 3. e5 Bf5 4. Nf3 e6 5. a3 Ne7 6. c4 Nd7 7. Nc3 h6 8. cxd5
cxd5 9. h3 Nc6 10. Bd3 Bxd3 11. Qxd3 Be7 12. O-O O-O 13. b4 Rc8 14. Be3 a6 15.
Nd2 f5 16. exf6 Bxf6 17. Nf3 b5 18. Ne2 Nb6 19. Nf4 Qe8 20. Ng6 Rf7 21. Nge5
Bxe5 22. Nxe5 Nxe5 23. dxe5 Nc4 24. f4 Rfc7 25. Bc5 g6 26. Ra2 Kh7 27. g4 Rxc5
28. bxc5 Qe7 29. Qd4 Qxc5 30. Qxc5 Rxc5 31. Rc1 Kg7 32. Kf2 Rc6 33. Ke2 Nxe5
34. Rxc6 Nxc6 35. Kd3 Na5 36. Kd4 Kf6 37. a4 b4 38. Rb2 g5 39. fxg5+ hxg5 40.
Rf2+ Ke7 41. Rh2 Kd6 42. h4 e5+ 43. Kd3 e4+ 44. Kc2 gxh4 45. g5 Ke5 46. Rf2 e3
47. Rf1 Nc6 48. g6 Ke4 49. g7 b3+ 50. Kxb3 Ne7 51. Rf8 Kd3 52. Re8 h3 53. Rxe7
h2 54. g8=Q h1=Q 55. Qg6+ Qe4 56. Rxe4 dxe4 57. Qxa6+ Kd2 58. Qd6+ Ke2 59. Qh2+
Kf1 60. Qf4+ Ke2 61. Qxe4 Kd2 1-0

[Event "Zoltan Bodnar mem."]
[Site "Winnipeg CAN"]
[Date "2022.12.20"]
[Round "3.2"]
[White "Aiello, Mick"]
[Black "Stordeur, Jackson"]
[Result "0-1"]
[WhiteElo "1555"]
[BlackElo "1737"]
[PlyCount "60"]
[EventDate "2022.12.06"]
[EventType "swiss"]
[EventRounds "4"]
[EventCountry "CAN"]

1. e4 c5 2. d4 cxd4 3. c3 dxc3 4. Nxc3 Nc6 5. Nf3 e6 6. Bc4 a6 7. O-O Nge7 8.
Bg5 f6 9. Be3 Ng6 10. Qe2 b5 11. Bb3 Be7 12. Nd5 exd5 13. exd5 Nce5 14. Nxe5
fxe5 15. f4 d6 16. f5 Nf4 17. Bxf4 exf4 18. Qh5+ Kf8 19. Rxf4 Bf6 20. Re1 Ra7
21. g4 Re7 22. Ref1 Qe8 23. Qh3 Kg8 24. Qg3 Be5 25. f6 Bxf4 26. Qxf4 Qf7 27.
fxe7 Qxe7 28. Kg2 Qe2+ 29. Kg3 h5 30. Qxd6 h4+ 0-1

[Event "Zoltan Bodnar mem."]
[Site "Winnipeg CAN"]
[Date "2022.12.20"]
[Round "3.3"]
[White "Dhillon, Iqvinder"]
[Black "Boron, Anthony"]
[Result "0-1"]
[WhiteElo "1196"]
[BlackElo "2016"]
[PlyCount "78"]
[EventDate "2022.12.06"]
[EventType "swiss"]
[EventRounds "4"]
[EventCountry "CAN"]

1. f4 d5 2. e3 g6 3. Nf3 Bg4 4. Be2 Bxf3 5. Bxf3 c6 6. c3 Nd7 7. d4 Bg7 8. O-O
Nh6 9. Nd2 Nf5 10. Qe2 Nf6 11. e4 dxe4 12. Nxe4 Nxe4 13. Bxe4 Nd6 14. Bf3 O-O
15. b3 Re8 16. Ba3 Nb5 17. Bb2 e6 18. a4 Nc7 19. Qf2 a5 20. Be4 Nd5 21. g4 f5
22. gxf5 exf5 23. Bxd5+ cxd5 24. Rae1 Qb6 25. Rxe8+ Rxe8 26. Re1 Re4 27. Rxe4
fxe4 28. Qc2 Qe6 29. c4 Qg4+ 30. Qg2 Qd1+ 31. Qf1 Bxd4+ 32. Bxd4 Qxd4+ 33. Qf2
e3 34. Qe2 Qxf4 35. cxd5 Kf7 36. Qc4 Qf2+ 37. Kh1 e2 38. d6+ Kg7 39. Qc3+ Qf6
0-1

[Event "Zoltan Bodnar mem."]
[Site "Winnipeg CAN"]
[Date "2022.12.20"]
[Round "3.4"]
[White "Klusa, Mark"]
[Black "Rutter, Blair"]
[Result "0-1"]
[WhiteElo "1548"]
[BlackElo "1886"]
[PlyCount "76"]
[EventDate "2022.12.06"]
[EventType "swiss"]
[EventRounds "4"]
[EventCountry "CAN"]

1. e4 e6 2. d4 d5 3. exd5 exd5 4. Nf3 Nf6 5. Bd3 Bd6 6. Qe2+ Be6 7. Ng5 Qd7 8.
Nxe6 Qxe6 9. Qxe6+ fxe6 10. c4 c6 11. O-O O-O 12. f3 Nbd7 13. Re1 Rae8 14. c5
Bc7 15. Bd2 e5 16. Bc3 exd4 17. Rxe8 Rxe8 18. Bxd4 Re1+ 19. Kf2 Rd1 20. Ke2 Rh1
21. h3 Bg3 22. a4 Nh5 23. Bf5 Nf4+ 24. Kd2 Nf6 25. Bc8 Rh2 26. Bxf6 Rxg2+ 27.
Kc3 gxf6 28. Bxb7 Ne6 29. Nd2 d4+ 30. Kc2 d3+ 31. Kxd3 Nxc5+ 32. Kd4 Nxb7 33.
Nc4 Bf2+ 34. Ke4 Rg1 35. Ra3 Rg3 36. Kf5 Bd4 37. Rd3 Rg5+ 38. Ke6 Nc5+ 0-1

[Event "Zoltan Bodnar mem."]
[Site "Winnipeg CAN"]
[Date "2022.12.20"]
[Round "3.5"]
[White "MacPherson, Al"]
[Black "Aiello, Pietro"]
[Result "0-1"]
[WhiteElo "1704"]
[BlackElo "1524"]
[PlyCount "154"]
[EventDate "2022.12.06"]
[EventType "swiss"]
[EventRounds "4"]
[EventCountry "CAN"]

1. d4 Nf6 2. c4 e6 3. Nc3 Bb4 4. a3 Bxc3+ 5. bxc3 d5 6. e3 Ne4 7. Qc2 Qf6 8.
Bd3 Qg6 9. f3 f5 10. fxe4 fxe4 11. Bf1 O-O 12. Ne2 Qf6 13. Ng3 Bd7 14. a4 a6
15. Ba3 Rf7 16. O-O-O b5 17. c5 Nc6 18. Nxe4 dxe4 19. Qxe4 Rb8 20. Bd3 Qh6 21.
Rdf1 Ne7 22. Qxh7+ Qxh7 23. Bxh7+ Kf8 24. Rxf7+ Kxf7 25. Rf1+ Ke8 26. Bd3 Bc6
27. Kd2 Bxg2 28. Rg1 Bd5 29. Rxg7 c6 30. a5 Kd7 31. Rf7 Rg8 32. Rf2 Rg1 33. Bc1
Bb3 34. Bc2 Bc4 35. Be4 Bd5 36. Bd3 Bb3 37. Be2 Ke8 38. Bf1 Bd5 39. Ke1 Bc4 40.
Bd2 Nf5 41. Rf4 Nh4 42. Rf2 Ng2+ 43. Kd1 Bxf1 44. Rxf1 Rxf1+ 45. Ke2 Ra1 46.
Kf2 Nh4 47. Kg3 Rh1 48. Kf4 Rxh2 49. Bc1 Rc2 50. Ba3 Rxc3 51. Bb2 Rb3 52. Bc1
Nf5 53. Ke5 Ke7 54. e4 Ne3 55. d5 cxd5 56. exd5 Nxd5 57. Bg5+ Kd7 58. c6+ Kxc6
59. Kxe6 Ra3 60. Bd8 Nc7+ 61. Ke5 Rxa5 62. Ke4 Ra4+ 63. Kd3 b4 64. Kc2 Kb5 65.
Bxc7 Kc4 66. Kb2 b3 67. Be5 Ra2+ 68. Kb1 a5 69. Bg7 a4 70. Be5 a3 71. Bf6 Rh2
72. Kc1 b2+ 73. Kb1 Rh1+ 74. Kc2 b1=Q+ 75. Kd2 Rh3 76. Ke2 Qc2+ 77. Ke1 Rh1#
0-1

[Event "Zoltan Bodnar mem."]
[Site "Winnipeg CAN"]
[Date "2022.12.20"]
[Round "3.7"]
[White "Letain, Cory"]
[Black "Roberts, Allan"]
[Result "1-0"]
[WhiteElo "1778"]
[BlackElo "1426"]
[PlyCount "45"]
[EventDate "2022.12.06"]
[EventType "swiss"]
[EventRounds "4"]
[EventCountry "CAN"]

1. e4 e6 2. d4 d5 3. c4 dxe4 4. Nc3 Bb4 5. f3 Nf6 6. Bg5 Nbd7 7. fxe4 h6 8.
Bxf6 Nxf6 9. Qa4+ c6 10. Qxb4 Qxd4 11. Rd1 Qe3+ 12. Be2 Nxe4 13. Nxe4 Qxe4 14.
Nf3 Qf4 15. O-O Qc7 16. Kh1 c5 17. Qc3 f6 18. Nh4 h5 19. Ng6 Rh6 20. Rxf6 gxf6
21. Qxf6 Rxg6 22. Bxh5 Qf7 23. Rd8# 1-0

[Event "Zoltan Bodnar mem."]
[Site "Winnipeg CAN"]
[Date "2022.12.20"]
[Round "3.8"]
[White "Pearce, Thomas"]
[Black "Vaughan, Nathan"]
[Result "0-1"]
[WhiteElo "1642"]
[BlackElo "1582"]
[PlyCount "40"]
[EventDate "2022.12.06"]
[EventType "swiss"]
[EventRounds "4"]
[EventCountry "CAN"]

1. d4 Nf6 2. c4 c5 3. Nf3 e6 4. Bg5 d5 5. e3 Nc6 6. a3 h6 7. Bh4 cxd4 8. exd4
dxc4 9. Bxf6 Qxf6 10. Bxc4 Be7 11. O-O O-O 12. Re1 Rd8 13. Qc2 Nxd4 14. Nxd4
Qxd4 15. Re4 Qd1+ 16. Qxd1 Rxd1+ 17. Bf1 Bf6 18. Re2 Bd7 19. Rd2 Rxd2 20. Nxd2
Bxb2 0-1

[Event "Zoltan Bodnar mem."]
[Site "Winnipeg CAN"]
[Date "2022.12.20"]
[Round "3.9"]
[White "Zhang, Bryan"]
[Black "Trueman, Francis"]
[Result "0-1"]
[WhiteElo "1293"]
[BlackElo "1423"]
[PlyCount "116"]
[EventDate "2022.12.06"]
[EventType "swiss"]
[EventRounds "4"]
[EventCountry "CAN"]

1. e4 d6 2. d4 Nf6 3. Nc3 g6 4. Bg5 Bg7 5. Be2 O-O 6. Nf3 Re8 7. O-O c6 8. Qd2
Qc7 9. Bh6 e5 10. Bxg7 Kxg7 11. Rad1 Nbd7 12. d5 Nc5 13. dxc6 bxc6 14. Qxd6
Qxd6 15. Rxd6 Bd7 16. Rfd1 Rad8 17. Bc4 Nb7 18. R6d2 Nc5 19. b4 Nb7 20. b5 cxb5
21. Bxb5 Bxb5 22. Nxb5 Rxd2 23. Nxd2 a6 24. Nc7 Rd8 25. f3 Nc5 26. Kf2 Rd7 27.
Na8 Na4 28. Ke2 Nc3+ 29. Ke1 Nxd1 30. Kxd1 Rb7 31. Nc4 Nd7 32. a3 Ra7 33. Nab6
Nxb6 34. Nxb6 f6 35. c4 Rc7 36. Kc2 Rc6 37. Nd5 Rxc4+ 38. Kb3 Rd4 39. Kc3 f5
40. Nc7 Ra4 41. Kb3 Rd4 42. Kc3 fxe4 43. fxe4 Rxe4 44. Nxa6 Ra4 45. Nb4 e4 46.
Kb3 Ra7 47. a4 e3 48. Nd3 Re7 49. Kb4 e2 50. Ne1 Rb7+ 51. Kc5 Rb1 52. Nd3 Rd1
53. Ne1 Rxe1 54. a5 Rb1 55. a6 e1=Q 56. a7 Qa5+ 57. Kd4 Qxa7+ 58. Ke4 Qf7 0-1

[Event "Zoltan Bodnar mem."]
[Site "Winnipeg CAN"]
[Date "2022.12.27"]
[Round "4.1"]
[White "Stordeur, Jackson"]
[Black "Charter, Bennet"]
[Result "0-1"]
[WhiteElo "1737"]
[BlackElo "1746"]
[PlyCount "92"]
[EventDate "2022.12.06"]
[EventType "swiss"]
[EventRounds "4"]
[EventCountry "CAN"]

1. e4 c5 2. Nf3 Nc6 3. d4 cxd4 4. Nxd4 g6 5. Nc3 Bg7 6. Be3 Nf6 7. Bc4 Qa5 8.
O-O O-O 9. h3 d6 10. Bb3 Bd7 11. f4 Rfc8 12. Qf3 e6 13. Ndb5 d5 14. exd5 Nxd5
15. Bd2 Qb6+ 16. Kh1 Nxc3 17. Nxc3 Nd4 18. Qg3 Nxb3 19. cxb3 Bc6 20. Rfd1 Rd8
21. Rac1 Qa6 22. Be3 Qa5 23. Qh4 Rxd1+ 24. Rxd1 a6 25. a3 f6 26. Rd6 Re8 27.
Qf2 Qc7 28. Qd2 Bf8 29. Rd3 e5 30. fxe5 Qxe5 31. Bf2 Qe6 32. Kh2 f5 33. b4 Bg7
34. a4 Be5+ 35. Kg1 Be4 36. Nxe4 fxe4 37. Rd7 Re7 38. Rd8+ Kg7 39. Be3 Bc7 40.
Bh6+ Kf6 41. Qf2+ Qf5 42. Rf8+ Rf7 43. Qd4+ Qe5 44. Qf2+ Qf5 45. Qh4+ Ke6 46.
Re8+ Kd7 0-1

[Event "Zoltan Bodnar mem."]
[Site "Winnipeg CAN"]
[Date "2022.12.27"]
[Round "4.2"]
[White "Baron, Gustav"]
[Black "Rutter, Blair"]
[Result "1-0"]
[WhiteElo "2083"]
[BlackElo "1887"]
[PlyCount "75"]
[EventDate "2022.12.06"]
[EventType "swiss"]
[EventRounds "4"]
[EventCountry "CAN"]

1. f4 d5 2. Nf3 c5 3. e3 Nc6 4. Bb5 Qb6 5. a4 Bd7 6. b3 Nf6 7. Bb2 a6 8. Bxc6
Bxc6 9. O-O e6 10. d3 c4 11. Bd4 Qb4 12. bxc4 dxc4 13. Nbd2 cxd3 14. cxd3 Bd6
15. Nc4 Bc7 16. Rb1 Qe7 17. Nfe5 O-O 18. Nxc6 bxc6 19. Rb7 Rab8 20. Qb3 Qd8 21.
Rb1 Nd5 22. g3 h6 23. Qb2 Rxb7 24. Qxb7 g5 25. Qb2 f6 26. e4 Nxf4 27. gxf4 Bxf4
28. Qb6 Qd7 29. Rd1 e5 30. Bf2 Qg4+ 31. Kf1 Qxd1+ 32. Kg2 Qg4+ 33. Kf1 Qd1+ 34.
Kg2 Qxd3 35. Qxc6 Kg7 36. Nd6 Rd8 37. Qc7+ Kg6 38. Qf7# 1-0

[Event "Zoltan Bodnar mem."]
[Site "Winnipeg CAN"]
[Date "2022.12.27"]
[Round "4.3"]
[White "Remillard, John"]
[Black "Letain, Cory"]
[Result "0-1"]
[WhiteElo "1566"]
[BlackElo "1778"]
[PlyCount "90"]
[EventDate "2022.12.06"]
[EventType "swiss"]
[EventRounds "4"]
[EventCountry "CAN"]

1. Nf3 f5 2. c4 Nf6 3. Nc3 e6 4. d4 Bb4 5. a3 Bxc3+ 6. bxc3 d6 7. Rb1 O-O 8. e3
Nbd7 9. Bd3 Qe7 10. O-O Nb6 11. Re1 Bd7 12. Qb3 Ne4 13. Bxe4 fxe4 14. Nd2 d5
15. c5 Qf6 16. Rf1 Ba4 17. Qa2 Nc4 18. Nxc4 dxc4 19. Rxb7 Bb3 20. Qe2 Rf7 21.
f3 Raf8 22. Rxa7 Qh4 23. f4 g5 24. g3 Qh3 25. Qg2 Qxg2+ 26. Kxg2 h5 27. a4 g4
28. h4 gxh3+ 29. Kxh3 Rb8 30. Ba3 Bc2 31. Bb4 Bd3 32. Rg1 Be2 33. Ra6 Kg7 34.
Kh4 Kf6 35. d5 Kf5 36. Rxe6 Rg8 37. Re5+ Kf6 38. Rg5 Rxg5 39. fxg5+ Kg6 40. Rg2
Rf1 41. g4 Rh1+ 42. Kg3 h4+ 43. Kf4 h3 44. Rg3 Rf1+ 45. Kxe4 h2 0-1

[Event "Zoltan Bodnar mem."]
[Site "Winnipeg CAN"]
[Date "2022.12.27"]
[Round "4.4"]
[White "Vaughan, Nathan"]
[Black "Minano, John"]
[Result "1-0"]
[WhiteElo "1582"]
[BlackElo "1766"]
[PlyCount "41"]
[EventDate "2022.12.06"]
[EventType "swiss"]
[EventRounds "4"]
[EventCountry "CAN"]

1. e4 c5 2. Nf3 d6 3. d4 cxd4 4. Nxd4 Nf6 5. Nc3 a6 6. Bg5 e6 7. f4 Qb6 8. Qd2
Qxb2 9. Rb1 Qa3 10. e5 dxe5 11. fxe5 Nfd7 12. Ne4 Nc6 13. Nxc6 bxc6 14. Rb3
Qxa2 15. Nd6+ Bxd6 16. Qxd6 Qa1+ 17. Kf2 f6 18. exf6 gxf6 19. Be2 Qe5 20. Qxe5
Nxe5 21. Bxf6 1-0

[Event "Zoltan Bodnar mem."]
[Site "Winnipeg CAN"]
[Date "2022.12.27"]
[Round "4.5"]
[White "MacPherson, Al"]
[Black "Dhillon, Iqvinder"]
[Result "0-1"]
[WhiteElo "1704"]
[BlackElo "1196"]
[PlyCount "62"]
[EventDate "2022.12.06"]
[EventType "swiss"]
[EventRounds "4"]
[EventCountry "CAN"]

1. d4 f5 2. c4 e6 3. Nc3 Nf6 4. Nf3 d5 5. cxd5 exd5 6. Bg5 c6 7. e3 Be7 8. Bd3
Ne4 9. Bxe7 Qxe7 10. Ne5 O-O 11. Qc2 Nd7 12. Nxd7 Bxd7 13. O-O-O b5 14. Rde1 b4
15. Na4 c5 16. Bxe4 fxe4 17. Nxc5 Bb5 18. Kb1 Rac8 19. Qd2 a5 20. Rc1 Rc6 21.
b3 Qf7 22. Rc2 Rf6 23. Rhc1 Rxf2 24. Qxf2 Qxf2 25. Rxf2 Rxf2 26. Nb7 Bd3+ 27.
Ka1 Re2 28. Rc8+ Kf7 29. Nd6+ Kg6 30. Rc6 Re1+ 31. Kb2 Rb1# 0-1

[Event "Zoltan Bodnar mem."]
[Site "Winnipeg CAN"]
[Date "2022.12.27"]
[Round "4.6"]
[White "Klusa, Mark"]
[Black "Roberts, Allan"]
[Result "1-0"]
[WhiteElo "1548"]
[BlackElo "1426"]
[PlyCount "81"]
[EventDate "2022.12.06"]
[EventType "swiss"]
[EventRounds "4"]
[EventCountry "CAN"]

1. e4 e6 2. d4 d5 3. Nc3 Bb4 4. exd5 exd5 5. a3 Ba5 6. Nf3 c6 7. Be2 Bf5 8. O-O
Ne7 9. Re1 Qd6 10. Ne5 O-O 11. Bf4 Ng6 12. Nxg6 Qxg6 13. Bh5 Qf6 14. Qd2 Bxc3
15. bxc3 Nd7 16. Bg5 Qd6 17. Be7 Qh6 18. Qxh6 gxh6 19. Bxf8 Kxf8 20. Re2 Nb6
21. g4 Be4 22. f3 Bxf3 23. Rf2 Be4 24. Rxf7+ Kg8 25. Rxb7 Nc4 26. Rab1 Nxa3 27.
Rb8+ Rxb8 28. Rxb8+ Kg7 29. Rb7+ Kf6 30. Rxa7 Nc4 31. Be8 Kg5 32. Rg7+ Kf4 33.
Kf2 Bxc2 34. Bxc6 Be4 35. h3 Na5 36. Rf7+ Kg5 37. Bxd5 Bg6 38. Ra7 Kh4 39. Rxa5
Be4 40. Be6 Bg6 41. Rh5+ 1-0

[Event "Zoltan Bodnar mem."]
[Site "Winnipeg CAN"]
[Date "2022.12.27"]
[Round "4.7"]
[White "Trueman, Francis"]
[Black "Pearce, Thomas"]
[Result "1-0"]
[WhiteElo "1423"]
[BlackElo "1642"]
[PlyCount "80"]
[EventDate "2022.12.06"]
[EventType "swiss"]
[EventRounds "4"]
[EventCountry "CAN"]

1. Nf3 c5 2. d3 d6 3. g3 Nc6 4. Bg2 e5 5. O-O Nf6 6. Nbd2 Be7 7. Re1 O-O 8. e4
Bg4 9. c3 Qd7 10. Qe2 h5 11. h4 Bh3 12. Nf1 Bxg2 13. Kxg2 Nh7 14. Ne3 Bd8 15.
Nd5 Ne7 16. Ng5 Nxd5 17. Nxh7 Kxh7 18. exd5 Qg4 19. Qe4+ f5 20. Qxg4 fxg4 21.
Be3 Rf5 22. Rf1 Rf3 23. Rad1 Bf6 24. b4 b6 25. bxc5 bxc5 26. Rb1 Re8 27. Rb7 e4
28. d4 Re7 29. Rxe7 Bxe7 30. dxc5 dxc5 31. c4 Rf5 32. Bf4 g5 33. hxg5 Bxg5 34.
Bxg5 Rxg5 35. d6 Rf5 36. d7 Rf3 37. d8=Q Rd3 38. Qe7+ Kh6 39. Qxe4 Rf3 40. Qxf3
gxf3+ 1-0